000 00576nam a2200181Ia 4500
003 GCL
008 140319s9999 xx 000 0 ara d
040 _aGCL /
_cGCL
082 0 4 _a516.6
_bم هـ
100 1 _aمحمد رشاد الدين مصطفى حسين
245 1 0 _aالهندسة الوصفية /
_cمحمد رشاد الدين مصطفى حسين
260 _a[S.N] :
_bدار الراتب الجامعية
490 _a
650 0 4 _aالهندسة
650 0 4 _aالهندسة الوصفية
650 0 4 _aالهندسة الفراغية
942 _2ddc
_cBK
999 _c49323
_d49323